La guerra Salvadoreña vista desde la Literatura autoficcional: Dios tenía miedo, de Vanessa Núñez Handal /
Sparad:
| Huvudupphovsman: | |
|---|---|
| Materialtyp: | Bok |
| Språk: | Spanish |
| Taggar: |
Lägg till en tagg
Inga taggar, Lägg till första taggen!
|
MARC
| LEADER | 00000nam a22000007a 4500 | ||
|---|---|---|---|
| 003 | cru CIDCACS/IIS | ||
| 005 | 20180517163112.0 | ||
| 007 | ta | ||
| 008 | 180517b2015 cr |||p|r||||||0| 0 spa|d | ||
| 999 | |c 41435 |d 41435 | ||
| 040 | |c cru CIDCACS/IIS | ||
| 100 | 1 | |9 7220 |a Grinberg Pla, Valeria | |
| 245 | 1 | 3 | |a La guerra Salvadoreña vista desde la Literatura autoficcional: |b Dios tenía miedo, de Vanessa Núñez Handal / |c Valeria Grinberg Pla |
| 300 | |a páginas 139-152 | ||
| 773 | 0 | |0 40579 |9 2013 |a Universidad Nacional de Costa Rica |d Heredia, Costa Rica: EUNA |o 18789 |t Revista de Historia / |x 10129790 | |
| 942 | |2 ddc |c PP | ||
